000 00293nam a22001337a 4500
008 181023b xxu||||| |||| 00| 0 eng d
020 _a2740264677546
041 _aeng
080 _25 ED
_a070
100 _a28
101 _aMED
245 _aThe Dital Hnadbook
_cSonja.S
942 _2udc
_cBK
999 _c50590
_d50590